Η θεωρία του συμβόλου
Αποθηκεύτηκε σε:
| Κύριος συγγραφέας: | |
|---|---|
| Μορφή: | Βιβλίο |
| Γλώσσα: | Greek English |
| Δημοσίευση: |
Αθήνα :
Μεταίχμιο,
2010.
|
| Θέματα: | |
| Ετικέτες: |
Προσθήκη ετικέτας
Δεν υπάρχουν, Καταχωρήστε ετικέτα πρώτοι!
|
MARC
| LEADER | 00000cam a2200000 i 4500 | ||
|---|---|---|---|
| 001 | 1/43861 | ||
| 008 | 140306s2010####gr | ||| |||| ||gre|| | ||
| 020 | |a 9789604555826 | ||
| 035 | |l 10117017 | ||
| 040 | |a GR-MyUa |b gre |e AACR2 | ||
| 041 | 1 | |a gre |h eng | |
| 082 | 7 | |a 302.2223 |2 (22) | |
| 100 | 1 | |a Elias, Norbert, |d 1897-1990. | |
| 245 | 1 | 2 | |a Η θεωρία του συμβόλου / |c Norbert Elias ; επιστημονική επιμέλεια της ελληνικής έκδοσης, θεώρηση μετάφρασης Αντώνιος Κ. Παπαντωνίου ; μετάφραση Ρεβέκκα Πέσσαχ. |
| 260 | |a Αθήνα : |b Μεταίχμιο, |c 2010. | ||
| 300 | |a 331 σ. ; |c 21 εκ. | ||
| 504 | |a Περιλαμβάνει βιβλιογραφικές παραπομπές. | ||
| 650 | 0 | |a Sociology |x Philosophy. | |
| 650 | 0 | |a Symbolism. | |
| 650 | 0 | |a Symbolism in communication. | |
| 650 | 0 | |a Knowledge, Sociology of. | |
| 765 | 0 | 8 | |i Μετάφραση του: |t The symbol theory / |
| 852 | |a INST |b LESVOS |c EUDOXUS |e 20140306 |h 302.2223 NOR |p 005100053400 |q 005100053400 |t EDX |y 0 | ||
| 852 | |a INST |b LESVOS |c EUDOXUS |e 20160421 |h 302.2223 NOR |p 005100057558 |q 005100057558 |t EDX |y 0 | ||
| 852 | |a INST |b SYROS |c EUDOXUS |e 20180308 |h 302.2223 ELI |p 005500013322 |q 005500013322 |t EDX |y 0 | ||
| 901 | |a BIBL1-2014-1 | ||
| 920 | |a Εύδοξος |b Παραγγελία |y Λέσβος-ΤΚΑΙ |z 2013-12 | ||
| 920 | |a Εύδοξος |b Παραγγελία |y Λέσβος-ΤΠΤΕ |z 2016-04 | ||
| 920 | |a Εύδοξος |b Παραγγελία |y Σύρος-ΤΜΣΠΣ |z 2017-05 | ||
| 970 | |a Τζαφέρη |b Ευαγγελία |z 05/03/2014 | ||